000 00325 a2200109 4500
001 ART_46339
005 20260410161808.0
008 260409a
245 1 0 _a¿Se podría haber concursado Al Capone?
100 1 _aVaiser, Lidia
773 0 _tDoctrina Societaria y Concursal
_g- N°366 (mayo 2018)
_wREV4298
999 _c21235
_d21235